000 00833nam a2200241 a 4500
001 000024037
005 20260202095302.0
008 110118s1998 ag r 000 0 spa d
020 _a9501725103
040 _aDO-SdBNP
_bspa
_cBNPHU
041 1 7 _aspa
_hpor
_2Código de idioma MARC
082 _a291.4
_bT828p
100 1 _aTrigueirinho Netto, José.
_949384
240 1 0 _aA pas existe.
_lEspañol.
245 1 0 _aLa paz existe /
_cJosé Trigueirinho Netto ; traducción de Juan Héctor Mihovilovich Hernández.
260 _aBuenos Aires, (Argentina) :
_bEditorial Kier,
_c1998.
300 _a86, [10] p. ;
_c15 cm.
534 _aTítulo original en portugués
_tA pas existe.
650 0 _aVida espiritual
_9268
650 0 _aEspiritualidad
_9613
700 1 _aMihovilovich Hernández, Juan Héctor
_etr.
_949385
049 _aBNGR
999 _c23532
_d23532